00534nam a2200169 a 4500001001000000003000900010005001700019008004100036020001800077040002500095082001300120245004900133260004200182300002100224710005500245710006400300000047650DO-SdBNP20250116120725.0180713s2017 dr 000 0 spa d a9789945908657 aDO-SdBNPbspacBNPHU axxxbxxx00aPerfil migratorio de República Dominicana. aSanto Domingo, :bOIM,bINMRD,c2017. a384 p. ;c24 cm.2 a Organización Internacional para las Migraciones1 a Instituto Nacional de Migración (República Dominicana)